Planes locales de arborización urbana (Registro nro. 16355)
[ vista simple ]
| 000 -CABECERA | |
|---|---|
| Campo de control | 005490000a22001690004500 |
| 090 ## - CLASIFICACIÓN LOCAL | |
| Colección | SERIADAS |
| 041 0# - IDIOMA | |
| Código de idioma para texto/pista de sonido o título separado | |
| 044 ## - PAÍS DE PUBLICACIÓN | |
| País de publicación | |
| 100 1# - ASIENTO PRINCIPAL--NOMBRE PERSONAL | |
| Nombre personal | Amaya Arias, Manuel José |
| 245 10 - MENCION DE TITULO | |
| Título | Planes locales de arborización urbana |
| Version | estructura y distribución del arbolado de la localidad de Chapinero |
| 651 #4 - ASIENTO SECUNDARIO DE MATERIA - NOMBRE GEOGRAFICO | |
| -- | Chapinero |
| -- | Bogotá |
| 773 1# - Item fuente: | |
| Título | Pérez Arbelaezia |
| Descripción física | 17 |
| Paginas del Articulo | 67-91 |
| Lugar, editorial y fecha de publicación | 2006 |
| 942 ## - ELEMENTOS ADICIONALES (KOHA) | |
| Tipo de ítem | Artículo |
No hay ítems disponibles.